000 00545nam a2200217Ia 4500
003 OSt
005 20230503103533.0
008 210423s2020 xx 000 0 und d
020 _a978-0-00-837605-5
040 _cAL
041 _aeng
082 _a823.912
_223
_bTOLH
100 _aTOLKIEN (J R R)
_996590
245 _aHobbit: lord of the rings
260 _aLondon
_bHarper Collins
_c2020
300 _axxii,314
_bPB
365 _b903
_cGBP
650 _aEnglish Fiction
_996591
906 _aHobbit: ; lord ; rings
942 _2ddc
_cBK
999 _c170825
_d170825